00490nam a2200193 a 4500001001300000003000900013005001700022008004100039020001100080082001900091100001900110245003700129260004200166300000800208500003500216505001000251650001600261700001900277nice12345678IN_TiNIC20260116011931.0050524s1956 alia grp 000 0 urd  ac0.7500a891.4391bAKH2 aAkhtar, Ansari aIntekhab-E-Kalam-E-Akhtar Ansari aAligarhbAnjuman Taraqqi-E-Urduc1956 a60p aincludes index and biblioraphy2 aNotes aUrdu-Poetry1 aAkhtar, Ansari